000 00340nmm a2200145 a 4500
003 AR-BaBNM
005 20251128203121.0
008 223119s[19- ||||||||||||||000 | spa||
040 _cAR-BaBNM
100 1 _aPérez, Manuel Luís
245 1 0 _aTratado de obstetricia
_n1
260 _a[S.l.]
_bLópez
_c[19--]
942 _cBK
998 _cRhizi
999 _c1976
_d1976